Logiciels et applications Microsoft - Statistiques

Statistiques générales
  • Ce quiz a été pris 186 fois
  • Le résultat moyen est 7 sur 15
Statistiques - réponses
Description Logiciel ou application % Correct
Tableur Excel
96%
Traitement de texte Word
92%
Présentation/Diaporama Powerpoint
89%
Navigateur web Edge
68%
Courrier et calendrier Outlook
61%
Système d'exploitation Windows
61%
Communication collaborative Teams
56%
Prise de notes OneNote
38%
Hébergements de fichiers en ligne OneDrive
36%
Base de données relationelle Access
34%
Publication assistée par ordinateur Publisher
14%
Gestion de projet Project
11%
Retouche de photos Picture manager
1%
Créer des formulaires de données basés sur le langage XML InfoPath
0%
Voir, éditer et intégrer des cartes géographiques MapPoint
0%
Aucun quiz correspondant
Distribution des résultats
% des personnes avec chaque résultat
Percentile par nombre de réponses
Votre historique - résultats
Vous n’avez pas pris ce quiz